| 000 | 00394nam a2200157Ia 4500 | ||
|---|---|---|---|
| 008 | 210423s2010 xx 000 0 und d | ||
| 020 | _a9788184896022 | ||
| 041 | _aeng | ||
| 082 | _a515 KRER | ||
| 100 | _aKRESS (Rainer). | ||
| 245 | _aNumerical analysis. | ||
| 260 |
_aNew Delhi _bSpringer Pvt Ltd _c2010 |
||
| 300 |
_axii.326 _bPB |
||
| 365 |
_b445 _cINR |
||
| 906 | _aanalysis. ; Numerical | ||
| 999 |
_c160577 _d160577 |
||